| Tag |
First Indicator |
Second Indicator |
Subfields |
| LEADER |
00000cam a2200000 i 4500 |
| 001 |
in00004520821 |
| 005 |
20190409080642.0 |
| 008 |
171024s2018 flua b 001 0 eng |
| 016 |
7 |
|
|a 101731621
|2 DNLM
|
| 019 |
|
|
|a 990035451
|
| 020 |
|
|
|a 9780815363613
|q (hardback : alk. paper)
|
| 020 |
|
|
|a 0815363613
|q (hardback : alk. paper)
|
| 020 |
|
|
|a 1498739849
|
| 020 |
|
|
|a 9781498739849
|
| 020 |
|
|
|z 9781498739924 (ePub ebook)
|
| 020 |
|
|
|z 9781498739894 (PDF ebook)
|
| 020 |
|
|
|z 9781351107747 (Mobipocket ebook)
|
| 020 |
|
|
|z 9781498739917 (VitalBook ebook)
|
| 020 |
|
|
|z 9781351107754 (ebook)
|
| 035 |
|
|
|a (OCoLC)on1052484837
|
| 035 |
|
|
|a (OCoLC)1052484837
|z (OCoLC)990035451
|
| 040 |
|
|
|a NLM
|b eng
|e rda
|c NLM
|d OCLCO
|d BUB
|d OCLCO
|d NLM
|d OCLCF
|d OCLCO
|d YDX
|d VMC
|d UKOBU
|d ERL
|d UKMGB
|d OCLCA
|d MNW
|d TMV
|d UtOrBLW
|
| 049 |
|
|
|a TMVM
|
| 050 |
|
4 |
|a QP101
|b .H47 2018
|
| 060 |
1 |
0 |
|a WG 102
|
| 060 |
|
4 |
|a WG 102
|b L664i 2018
|
| 100 |
1 |
|
|a Herring, Neil,
|e author.
|0 http://id.loc.gov/authorities/names/nb2017001771
|
| 245 |
1 |
0 |
|a Levick's introduction to cardiovascular physiology /
|c Neil Herring, David J. Paterson.
|
| 246 |
3 |
0 |
|a Introduction to cardiovascular physiology
|
| 246 |
3 |
0 |
|a Cardiovascular physiology
|
| 250 |
|
|
|a Sixth edition.
|
| 264 |
|
1 |
|a Boca Raton :
|b CRC Press,
|c [2018]
|
| 264 |
|
4 |
|c ©2018
|
| 300 |
|
|
|a xxi, 426 pages :
|b illustrations ;
|c 29 cm
|
| 336 |
|
|
|a text
|b txt
|2 rdacontent
|
| 337 |
|
|
|a unmediated
|b n
|2 rdamedia
|
| 338 |
|
|
|a volume
|b nc
|2 rdacarrier
|
| 500 |
|
|
|a Preceded by Introduction to cardiovascular physiology / J. Rodney Levick. 5th edition London : Hodder Arnold, 2010.
|
| 504 |
|
|
|a Includes bibliographical references and index.
|
| 505 |
0 |
|
|a Overview of the cardiovascular system -- The cardiac cycle -- The cardiac myocyte: excitation and contraction -- Initiation and nervous control of heartbeat -- Electrocardiography and arrhythmias -- Control of stroke volume and cardiac output -- Assessment of cardiac output and arterial pulse -- Haemodynamics: flow, pressure and resistance -- Endothelium -- The microcirculation and solute exchange -- Circulation of fluid between plasma, interstitium and lymph -- Vascular smooth muscle: excitation, contraction and relaxation -- Control of blood vessels: intrinsic control -- Control of blood vessels: extrinsic control by nerves and hormones -- Specialization in individual circulations -- Cardiovascular receptors, reflexes and central control -- Co-ordinated cardiovascular responses -- Cardiovascular responses in pathological situations -- Experimental models and measurements to study cardiovascular physiology -- Experimental perturbations to investigate cardiovascular physiology.
|
| 650 |
|
0 |
|a Cardiovascular system
|x Physiology.
|0 http://id.loc.gov/authorities/subjects/sh2008117650
|
| 650 |
|
2 |
|a Cardiovascular Physiological Phenomena.
|0 (DNLM)D002320
|0 https://id.nlm.nih.gov/mesh/D002320
|
| 700 |
1 |
|
|a Paterson, David J.
|c (Professor of cardiovascular physiology),
|e author.
|0 http://id.loc.gov/authorities/names/n2018187215
|
| 700 |
1 |
|
|i Preceded by (work):
|a Levick, J. R.
|q (J. Rodney).
|t Introduction to cardiovascular physiology.
|
| 999 |
|
|
|a MARS
|
| 999 |
f |
f |
|s cfea011f-2044-304e-b812-55c1fdd5fb50
|i 3a778689-d433-38cb-bdbd-abee6dfaf135
|t 0
|
| 952 |
f |
f |
|p normal
|a Texas A&M University
|b College Station
|c Medical Sciences Library
|d MSL: Book Stacks
|t 0
|e WG 102 L664i 2018
|h National Library of Medicine classification
|i unmediated -- volume
|m 323890261965B
|
| 998 |
f |
f |
|a WG 102 L664i 2018
|t 0
|l MSL: Book Stacks
|